| 000 | 01179nam a2200253Ia 4500 | ||
|---|---|---|---|
| 999 |
_c54428 _d54428 |
||
| 001 | 21484 | ||
| 003 | GE_BSU | ||
| 005 | 20211122164810.0 | ||
| 008 | 181216s2017||||ge |||||||||||||| ||geo|| | ||
| 020 | _a9789994052363 | ||
| 040 | _cGE_BSU | ||
| 041 | _ageo | ||
| 080 | _a339.7(042.4) ხ-52 | ||
| 100 |
_aხიდაშელი, მირზა _913002 |
||
| 245 |
_aსაერთაშორისო ფინანსების ზოგადი თეორია : _bლექციათა კურსი / _cმირზა ხიდაშელი ; რედ. ნიკო ჩიხლაძე. |
||
| 264 |
_aქუთაისი : _bაკაკი წერეთლის სახელმწ. უნ-ტის გამ-ბა, _c2017. |
||
| 300 |
_a295 გვ. ; _c27 სმ. _e+1CD-Rom |
||
| 504 | _aბიბლიოგრაფია გვ. : 296-300 | ||
| 541 | _h15ლ. | ||
| 653 | _aეკონომიკა | ||
| 653 | _aსაერთაშორისო ფინანსების ზოგადი თეორია | ||
| 700 |
_aჩიხლაძე, ნიკო _eრედაქტორი _913003 |
||
| 942 |
_cBK _2udc |
||